| 000 | 01163nam a2200289 a 4500 | ||
|---|---|---|---|
| 001 | BRL_301 | ||
| 005 | 20190320210657.0 | ||
| 008 | 230713s2006----fi-oa#####---#000-0#fin-# | ||
| 020 | _a9529878516 | ||
| 050 | 4 |
_aNK844 _b.R98 2006 |
|
| 245 | 1 | 0 |
_aRuth D. Lechuga-kokoelma / Franz Mayer-kokoelma _bMeksikon Kahdet Kasvot. |
| 260 |
_aHelsinki, Finlandia _bMuseum of Art and Design _c2006 |
||
| 300 |
_a1 v. (en varias paginaciones) _bil. a color _c20 cm. |
||
| 500 | _aCatálogo de la exposición realizada en el Museum of Art and Design (Helsinki, Filandia), 26 septiembre, 2006–14 enero, 2007 | ||
| 500 | _aLa biblioteca cuenta con 3 ejemplares | ||
| 500 | _aEjemplares integrados de manera póstuma a la colección Ruth D. Lechuga | ||
| 500 | _aEj.1 Au2256, Ej.2 Au2257, Ej.3 Au203 | ||
| 546 | _aTexto en : finlandés | ||
| 600 | 1 | 4 |
_aLechuga, Ruth D _d1920-2004 _xColecciones de arte _92457 |
| 600 | 1 | 4 |
_aMayer, Franz _d1882-1975 _xColecciones de arte _98327 |
| 650 | 1 | 4 |
_aArte popular mexicano _98328 |
| 650 | 1 | 4 |
_aArtes decorativas _zMéxico _93532 |
| 740 | 0 | _aTwo Faces of Mexico | |
| 740 | 0 | _aFranz Mayer-kokoelma | |
| 902 | _aGRL | ||
| 942 |
_2lcc _cB |
||
| 999 |
_c9114 _d9114 |
||